01047nas a2200289 4500001001300000003000900013005001700022007000300039008003400042040005400076041000900130072000800139100002200147100003200169100002200201100001200223245013600235650001100371650001200382650001400394650001600408773010400424909004000528942001800568999001900586952015200605BR2018002094BR-BrBNA20231205131434.0ta230509b bl.|||p| |||| 00| 00por d aBR-BrBNAbporcBiblioteca Nacional de Agricultura a(En) aH101 aRodrigues, E.N.L.1 aMendonça Junior, M. de S.1 aRodrigues, P.E.S.1 aOtt, R.1 aDiversity, composition and phenology of araneid orb-weavers (Araneae, Araneidae)associated with riparian forests in southern Brazil aARANHA aHABITAT aFENOLOGIA aMATA CILIAR0 tIheringia. Série Zoologia (Brazil)xISSN 0073-4721 g(Mar 2015), v. 105(1) p. 53-61wBR2018002094 a202311bLúciac55dLúcia Elande 2AGRISn0cANA c254826d254826 002AGRIS4071a41918b41918cPeriódicos Agrícolash(Mar 2015), v. 105(1) p. 53-61l0r2023-11-29t01yCRePortaria Interministerial nº 164/94